[Event "1. Bundesliga 2017/2018"]
[Site "Maria Enzersdorf"]
[Date "2017.11.17"]
[Round "2"]
[Board "2"]
[White "Kilgus, Georg"]
[Black "Rubil, Marko"]
[Result "0-1"]
[WhiteElo "2413"]
[BlackElo "2231"]
[PlyCount "112"]
[EventDate "2017.11.16"]
[EventType "team"]
[EventRounds "11"]
[EventCountry "AUT"]
[WhiteTeam "Grieskirchen/Bad Schallerbach"]
[BlackTeam "ASVOE Pamhagen"]

1.Nf3 Nf6 2.g3 g6 3.Bg2 Bg7 4.d4 d6 5.O-O O-O 6.b3 Ne4 7.Bb2 c5 8.c4 Nc6 9.e3 Qa5
10.Qc1 Rb8 11.d5 Bxb2 12.Qxb2 Nd8 13.Ne1 f5 14.a4 Nf7 15.Nd3 Bd7 16.f3 Nf6 17.Nd2
Rbe8 18.e4 fxe4 19.Nxe4 Nxe4 20.fxe4 Qc7 21.Rf2 Ne5 22.Nxe5 dxe5 23.Raf1 a5 24.h4
Qb8 25.Rxf8+ Rxf8 26.Rxf8+ Qxf8 27.Qxe5 Qf6 28.Qxf6 exf6 29.Kh2 Bg4 30.e5 fxe5 31.d6
Kf7 32.Bxb7 Bd1 33.Bc6 Bxb3 34.Bb5 Bd1 35.Kh3 h5 36.Kg2 Ke6 37.d7 Ke7 38.Kf2 Bg4 39.d8=Q+
Kxd8 40.Ke3 Ke7 41.Ke4 Kd6 42.Be8 Bf5+ 43.Ke3 Ke7 44.Bc6 Kf6 45.Be8 Be6 46.Bb5 Kf5
47.Kf3 e4+ 48.Ke3 Kg4 49.Kxe4 Kxg3 50.Ke5 Bf5 51.Kd6 Kxh4 52.Kxc5 Kg3 53.Kb6 h4 54.Bc6
h3 55.c5 Kf4 56.Bh1 g5 0-1

[Event "1. Bundesliga 2017/2018"]
[Site "Maria Enzersdorf"]
[Date "2017.11.17"]
[Round "2"]
[Board "3"]
[White "Horvath, Dominik"]
[Black "Schwabeneder, Florian"]
[Result "0-1"]
[WhiteElo "2383"]
[BlackElo "2422"]
[PlyCount "88"]
[EventDate "2017.11.16"]
[EventType "team"]
[EventRounds "11"]
[EventCountry "AUT"]
[WhiteTeam "ASVOE Pamhagen"]
[BlackTeam "Grieskirchen/Bad Schallerbach"]

1.Nf3 d5 2.d4 Nf6 3.c4 e6 4.Nc3 Bb4 5.Bg5 dxc4 6.e4 h6 7.Bxf6 Qxf6 8.Bxc4 c5 9.e5
Qd8 10.O-O cxd4 11.Nxd4 O-O 12.Rc1 a6 13.Bd3 Nd7 14.Re1 Qb6 15.Bb1 Rd8 16.Qd3 Nf8
17.Red1 Bd7 18.Qf3 Be8 19.Nb3 Bc6 20.Be4 Ng6 21.Bxc6 Nxe5 22.Qe4 Nxc6 23.g3 Rxd1+
24.Rxd1 Rd8 25.Rxd8+ Qxd8 26.Na4 Qd6 27.Qc2 b5 28.Nc3 Ne5 29.Qe4 f5 30.Qa8+ Kh7 31.h4
Nc4 32.Qf3 Nxb2 33.Ne2 Qd3 34.Qxd3 Nxd3 35.Ned4 Bc5 36.Nxe6 Bxf2+ 37.Kg2 Bb6 38.h5
Nb4 39.Nbc5 Bxc5 40.Nxc5 Nxa2 41.Nxa6 b4 42.Nc5 Nc3 43.Kf3 Nd5 44.Nb3 Nf6 0-1

[Event "1. Bundesliga 2017/2018"]
[Site "Maria Enzersdorf"]
[Date "2017.11.17"]
[Round "2"]
[Board "4"]
[White "Singer, Christoph"]
[Black "Vitouch, Anatol"]
[Result "1/2-1/2"]
[WhiteElo "2350"]
[BlackElo "2318"]
[PlyCount "148"]
[EventDate "2017.11.16"]
[EventType "team"]
[EventRounds "11"]
[EventCountry "AUT"]
[WhiteTeam "Grieskirchen/Bad Schallerbach"]
[BlackTeam "ASVOE Pamhagen"]

1.e4 e6 2.d4 d5 3.Nd2 a6 4.Ngf3 Nf6 5.Bd3 c5 6.c3 cxd4 7.cxd4 dxe4 8.Nxe4 Bb4+ 9.Bd2
Bxd2+ 10.Qxd2 Nc6 11.O-O O-O 12.Rac1 Nd5 13.Bb1 Qb6 14.Rfd1 Bd7 15.Nc5 Rad8 16.Ng5
g6 17.Nge4 Nce7 18.Ng3 Nf6 19.Rc3 Bc6 20.Rb3 Qa7 21.Qg5 Kg7 22.Be4 Bxe4 23.Ngxe4 Nxe4
24.Nxe4 Nd5 25.Rh3 Rh8 26.Qe5+ f6 27.Qg3 b6 28.Qh4 Qc7 29.Qh6+ Kf7 30.Rf3 Qe7 31.a3
f5 32.Re1 Ke8 33.Ng5 Rd6 34.Nh3 Kd7 35.Ng5 Nf6 36.Nh3 Ne4 37.Qe3 g5 38.Rg3 Nxg3 39.hxg3
h6 40.Qe2 b5 41.g4 fxg4 42.Qxg4 Rf8 43.Qe4 Rd5 44.f4 Qf6 45.Nf2 gxf4 46.Kf1 Qf5 47.Qf3
Rg8 48.Ne4 Ke7 49.Qc3 Rgd8 50.Nc5 e5 51.dxe5 f3 52.Ne4 fxg2+ 53.Kg1 Qh5 54.Ng3 Qg4
55.e6 Rd1 56.Qc7+ R8d7 57.Qc5+ Kf6 58.Qe5+ Kg6 59.exd7 Qd4+ 60.Qxd4 Rxd4 61.Kxg2 Rxd7
62.Re6+ Kg5 63.b4 Rd2+ 64.Kh3 Rd3 65.Rxa6 h5 66.Ra5 Kf4 67.Rxb5 Rxg3+ 68.Kh4 Rxa3
69.Kxh5 Ke4 70.Kg5 Kd4 71.Rf5 Kc4 72.b5 Rb3 73.Kf6 Rxb5 74.Rxb5 Kxb5 1/2-1/2

[Event "1. Bundesliga 2017/2018"]
[Site "Maria Enzersdorf"]
[Date "2017.11.17"]
[Round "2"]
[Board "5"]
[White "Fleischhacker, Christian"]
[Black "Webersberger, Johann"]
[Result "0-1"]
[WhiteElo "1828"]
[BlackElo "2341"]
[PlyCount "44"]
[EventDate "2017.11.16"]
[EventType "team"]
[EventRounds "11"]
[EventCountry "AUT"]
[WhiteTeam "ASVOE Pamhagen"]
[BlackTeam "Grieskirchen/Bad Schallerbach"]

1.e4 g6 2.d4 Bg7 3.Nf3 d6 4.h3 Nf6 5.Nc3 O-O 6.Bc4 c6 7.a4 d5 8.exd5 cxd5 9.Bd3 Nc6
10.O-O Nb4 11.Bf4 Nxd3 12.Qxd3 a6 13.Rfe1 Bf5 14.Qd2 Rc8 15.Rac1 Qb6 16.b3 Qa5 17.Re3
Nh5 18.Be5 f6 19.Nb1 Qxd2 20.Nbxd2 fxe5 21.g4 e4 22.Ne5 Bh6 0-1

[Event "1. Bundesliga 2017/2018"]
[Site "Maria Enzersdorf"]
[Date "2017.11.17"]
[Round "2"]
[Board "6"]
[White "Lentrodt, Thomas"]
[Black "Rusek, Walter"]
[Result "1-0"]
[WhiteElo "2276"]
[BlackElo "1897"]
[PlyCount "119"]
[EventDate "2017.11.16"]
[EventType "team"]
[EventRounds "11"]
[EventCountry "AUT"]
[WhiteTeam "Grieskirchen/Bad Schallerbach"]
[BlackTeam "ASVOE Pamhagen"]

1.d4 d5 2.Nf3 Nf6 3.c4 c6 4.Qb3 dxc4 5.Qxc4 Bf5 6.Nc3 e6 7.g3 Nbd7 8.Bg2 Be7 9.O-O
O-O 10.b4 Rc8 11.a3 h6 12.Bb2 Ne4 13.Rfd1 Nb6 14.Qb3 Nxc3 15.Bxc3 Qd5 16.Qa2 Qxa2
17.Rxa2 Nd5 18.Bd2 Be4 19.e3 Rfd8 20.Rc1 Kf8 21.Ne1 Bxg2 22.Kxg2 f5 23.Nd3 Bd6 24.f3
Nf6 25.Rac2 Ke7 26.a4 Kd7 27.Re1 b6 28.e4 fxe4 29.fxe4 Bb8 30.Bf4 Bxf4 31.Nxf4 Ke7
32.Rc4 b5 33.Ng6+ Ke8 34.Rc5 bxa4 35.Rc4 a3 36.Kf3 Nd7 37.Ke3 Kf7 38.Nh4 Ke7 39.Ra1
e5 40.Rxa3 exd4+ 41.Rxd4 Rc7 42.Nf5+ Kf6 43.Rd6+ Kf7 44.Rad3 h5 45.Nd4 Re8 46.Nxc6
Nf6 47.R3d4 Ng4+ 48.Kf4 Nxh2 49.Rd7+ Rxd7 50.Rxd7+ Kf6 51.e5+ Kg6 52.Ne7+ Kh7 53.Rxa7
Rf8+ 54.Nf5 Nf3 55.Rxg7+ Kh8 56.Rd7 h4 57.g4 Ng1 58.Kg5 h3 59.Kh6 Kg8 60.Rg7+ 1-0

[Event "1. Bundesliga 2017/2018"]
[Site "Maria Enzersdorf"]
[Date "2017.11.18"]
[Round "3"]
[Board "1"]
[White "Haba, Petr"]
[Black "Banusz, Tamas"]
[Result "0-1"]
[WhiteElo "2454"]
[BlackElo "2617"]
[PlyCount "74"]
[EventDate "2017.11.16"]
[EventType "team"]
[EventRounds "11"]
[EventCountry "AUT"]
[WhiteTeam "Grieskirchen/Bad Schallerbach"]
[BlackTeam "mpimmo Wien - SK Ottakring"]

1.e4 c5 2.Nf3 e6 3.d4 cxd4 4.Nxd4 Nf6 5.Nc3 Nc6 6.Ndb5 d6 7.Bf4 e5 8.Bg5 a6 9.Na3
b5 10.Nd5 Be7 11.Bxf6 Bxf6 12.c3 Bg5 13.Nc2 Rb8 14.a4 bxa4 15.Ncb4 Nxb4 16.cxb4 O-O
17.Rxa4 a5 18.b5 Bd7 19.Nc3 d5 20.exd5 f5 21.Be2 e4 22.O-O Kh8 23.Qa1 Ra8 24.Rd1 Bf4
25.d6 Be5 26.Rd5 Qf6 27.Rxa5 Rxa5 28.Qxa5 e3 29.Qa7 Be6 30.Rxe5 Qxe5 31.Qe7 Ra8 32.d7
exf2+ 33.Kxf2 Qd4+ 34.Ke1 Bxd7 35.b6 Re8 36.Qf7 Qg1+ 37.Kd2 Qxb6  0-1

[Event "1. Bundesliga 2017/2018"]
[Site "Maria Enzersdorf"]
[Date "2017.11.18"]
[Round "3"]
[Board "2"]
[White "Papp, Gabor"]
[Black "Kilgus, Georg"]
[Result "1-0"]
[WhiteElo "2614"]
[BlackElo "2413"]
[PlyCount "135"]
[EventDate "2017.11.16"]
[EventType "team"]
[EventRounds "11"]
[EventCountry "AUT"]
[WhiteTeam "mpimmo Wien - SK Ottakring"]
[BlackTeam "Grieskirchen/Bad Schallerbach"]

1.e4 e5 2.Nf3 Nc6 3.Bb5 a6 4.Ba4 Nf6 5.O-O Be7 6.Re1 b5 7.Bb3 d6 8.c3 O-O 9.h3 Nb8
10.d4 Nbd7 11.Nbd2 c5 12.Bc2 cxd4 13.cxd4 Bb7 14.d5 Qc7 15.Nf1 Rfc8 16.Re2 a5 17.Be3
Ba6 18.Rc1 Qb7 19.Ng3 g6 20.Bd3 Rxc1 21.Qxc1 Rc8 22.Rc2 Rxc2 23.Qxc2 Nb8 24.Nd2 a4
25.b4 axb3 26.axb3 Bd8 27.b4 Bb6 28.Bxb6 Qxb6 29.Nb3 Ne8 30.Ne2 Nc7 31.h4 h5 32.g3
Kg7 33.Kg2 Bc8 34.Qd2 f6 35.Nc3 Bd7 36.Be2 Qa7 37.Qc1 Nba6 38.Qa3 Qb6 39.Bd3 Be8 40.Nd1
Bd7 41.Ne3 Bc8 42.Be2 Bd7 43.Bf3 Bc8 44.Kf1 Bd7 45.Ke1 Kf7 46.Na1 Ke7 47.Nac2 Ne8
48.Be2 Nac7 49.Kf1 Qa6 50.Qb2 Na8 51.Nd1 Nb6 52.Nc3 Na4 53.Nxa4 Qxa4 54.Qc3 Qa2 55.Na3
Bh3+ 56.Ke1 Bd7 57.Bd3 Nc7 58.Bb1 Nxd5 59.exd5 Qxd5 60.Bxg6 Bg4 61.Bc2 f5 62.Qd3 Qh1+
63.Kd2 Qg2 64.Qe3 Qd5+ 65.Kc1 e4 66.Bb3 Qc6+ 67.Kb2 d5 68.Nc2  1-0

[Event "1. Bundesliga 2017/2018"]
[Site "Maria Enzersdorf"]
[Date "2017.11.18"]
[Round "3"]
[Board "3"]
[White "Schwabeneder, Florian"]
[Black "Stohl, Igor"]
[Result "1/2-1/2"]
[WhiteElo "2422"]
[BlackElo "2497"]
[PlyCount "60"]
[EventDate "2017.11.16"]
[EventType "team"]
[EventRounds "11"]
[EventCountry "AUT"]
[WhiteTeam "Grieskirchen/Bad Schallerbach"]
[BlackTeam "mpimmo Wien - SK Ottakring"]

1.e4 e5 2.Nf3 Nf6 3.Nxe5 d6 4.Nc4 Nxe4 5.Qe2 Qe7 6.Ne3 Be6 7.Nc3 Nxc3 8.bxc3 g6 9.g3
Bg7 10.Bg2 c6 11.O-O O-O 12.a4 Qc7 13.d4 Nd7 14.Qd3 Rfe8 15.h3 Nb6 16.c4 d5 17.cxd5
Nxd5 18.c3 Rad8 19.Nxd5 Bxd5 20.Bg5 Bxg2 21.Kxg2 Rd5 22.Bf4 Qd7 23.Rfe1 c5 24.Qb5
Rd8 25.Qxd7 R5xd7 26.Bg5 Rc8 27.Rac1 h6 28.Be3 cxd4 29.cxd4 Rcd8 30.Rc4 Bxd4  1/2-1/2

[Event "1. Bundesliga 2017/2018"]
[Site "Maria Enzersdorf"]
[Date "2017.11.18"]
[Round "3"]
[Board "4"]
[White "Fauland, Alexander"]
[Black "Singer, Christoph"]
[Result "1-0"]
[WhiteElo "2419"]
[BlackElo "2350"]
[PlyCount "95"]
[EventDate "2017.11.16"]
[EventType "team"]
[EventRounds "11"]
[EventCountry "AUT"]
[WhiteTeam "mpimmo Wien - SK Ottakring"]
[BlackTeam "Grieskirchen/Bad Schallerbach"]

1.Nf3 d5 2.d4 Nf6 3.Bf4 e6 4.e3 c5 5.c3 Nc6 6.Nbd2 Bd6 7.Bg3 O-O 8.Bd3 b6 9.Qe2 Bb7
10.e4 Be7 11.e5 Nh5 12.a3 a5 13.O-O c4 14.Bc2 b5 15.Ne1 Nxg3 16.hxg3 b4 17.f4 g6 18.g4
Qb6 19.Qe3 Rfe8 20.Ndf3 f5 21.exf6 Bxf6 22.Ne5 Nxe5 23.fxe5 Bg7 24.Rb1 Rf8 25.Nf3
Qd8 26.axb4 axb4 27.cxb4 Qe7 28.b3 Rfc8 29.bxc4 Rxc4 30.Qb3 Rac8 31.Bd3 Rc3 32.Qd1
Bh6 33.Qe2 Ra3 34.b5 Rcc3 35.Rfd1 Bf4 36.Kf2 Qf8 37.g3 Bg5 38.Kg2 Bd8 39.Rbc1 Rcb3
40.Rb1 Rc3 41.Rb2 Bb6 42.Ra2 Rxa2 43.Qxa2 Qb4 44.Qf2 Rb3 45.Be2 Rb2 46.Kf1 Qe7 47.Qe3
Bc8 48.Qc3  1-0

[Event "1. Bundesliga 2017/2018"]
[Site "Maria Enzersdorf"]
[Date "2017.11.18"]
[Round "3"]
[Board "5"]
[White "Webersberger, Johann"]
[Black "Blohberger, Felix"]
[Result "0-1"]
[WhiteElo "2341"]
[BlackElo "2429"]
[PlyCount "62"]
[EventDate "2017.11.16"]
[EventType "team"]
[EventRounds "11"]
[EventCountry "AUT"]
[WhiteTeam "Grieskirchen/Bad Schallerbach"]
[BlackTeam "mpimmo Wien - SK Ottakring"]

1.d4 e6 2.c4 Nf6 3.Nf3 d5 4.g3 dxc4 5.Qa4+ Nbd7 6.Bg2 a6 7.Qxc4 b5 8.Qc2 Bb7 9.O-O
c5 10.a4 Rc8 11.axb5 axb5 12.Bg5 Qb6 13.Nbd2 Be7 14.Qd3 h6 15.Bxf6 Nxf6 16.e3 c4 17.Qb1
O-O 18.Ne5 Bxg2 19.Kxg2 Qb7+ 20.Kg1 Bb4 21.Rd1 Bxd2 22.Rxd2 Ne4 23.Rc2 Rfd8 24.Qf1
Ra8 25.Rac1 f6 26.Nf3 Ra2 27.Qg2 Qd5 28.h4 Rda8 29.h5 Qxh5 30.Nh4 f5 31.Nf3 c3  0-1

[Event "1. Bundesliga 2017/2018"]
[Site "Maria Enzersdorf"]
[Date "2017.11.18"]
[Round "3"]
[Board "6"]
[White "Beckhuis, Gernod"]
[Black "Lentrodt, Thomas"]
[Result "1/2-1/2"]
[WhiteElo "2247"]
[BlackElo "2276"]
[PlyCount "105"]
[EventDate "2017.11.16"]
[EventType "team"]
[EventRounds "11"]
[EventCountry "AUT"]
[WhiteTeam "mpimmo Wien - SK Ottakring"]
[BlackTeam "Grieskirchen/Bad Schallerbach"]

1.Nf3 Nf6 2.c4 e6 3.g3 b6 4.Bg2 Bb7 5.d4 Bb4+ 6.Bd2 Be7 7.Nc3 O-O 8.Qc2 c5 9.d5 exd5
10.Ng5 g6 11.h4 Nc6 12.Nxd5 Nb4 13.Bxb4 Nxd5 14.Bxd5 Bxd5 15.cxd5 Bxg5 16.Bc3 Bf6
17.h5 Qe7 18.Bxf6 Qxf6 19.Qc3 Qxc3+ 20.bxc3 Rfe8 21.hxg6 hxg6 22.Rh4 Re5 23.Rd1 Rae8
24.e3 Re4 25.Rxe4 Rxe4 26.Kd2 Ra4 27.Ra1 f5 28.Kc2 b5 29.Kb2 d6 30.f3 Kg7 31.Rh1 b4
32.cxb4 Rxb4+ 33.Kc3 Rb7 34.a3 Re7 35.Kd3 Re5 36.e4 fxe4+ 37.fxe4 Rg5 38.Rh3 Kf6 39.Rh7
Rxg3+ 40.Kc4 Rxa3 41.Rd7 Ra6 42.Kb5 Rb6+ 43.Ka5 Ke5 44.Rxa7 Rb8 45.Re7+ Kd4 46.Re6
c4 47.Rxd6 c3 48.Rxg6 Kxe4 49.Rc6 Kd3 50.d6 c2 51.d7 Rd8 52.Rc7 Kd2 53.Kb6  1/2-1/2

[Event "1. Bundesliga 2017/2018"]
[Site "Maria Enzersdorf"]
[Date "2017.11.18"]
[Round "3"]
[Board "1"]
[White "Jobava, Baadur"]
[Black "Rubil, Marko"]
[Result "1-0"]
[WhiteElo "2669"]
[BlackElo "2231"]
[PlyCount "61"]
[EventDate "2017.11.16"]
[EventType "team"]
[EventRounds "11"]
[EventCountry "AUT"]
[WhiteTeam "Schachklub Sparkasse Jenbach"]
[BlackTeam "ASVOE Pamhagen"]

1.Nf3 Nf6 2.g3 g6 3.b3 Bg7 4.Bb2 d6 5.d4 c5 6.Bg2 cxd4 7.Nxd4 d5 8.c4 dxc4 9.bxc4
O-O 10.O-O Qb6 11.Qc1 Nbd7 12.Rd1 Nc5 13.Nc3 Bd7 14.Rb1 Rac8 15.Ba3 Qa6 16.Nb3 Nxb3
17.axb3 Rfe8 18.e4 Bg4 19.Re1 Nd7 20.Nd5 Bf8 21.Ra1 Qc6 22.h3 Be6 23.e5 Bxd5 24.Bxd5
Qxd5 25.cxd5 Rxc1 26.Raxc1 Nb6 27.Red1 Rd8 28.Rc7 Nxd5 29.Bxe7 Re8 30.Rxd5 Bxe7 31.Rxb7  1-0

[Event "1. Bundesliga 2017/2018"]
[Site "Maria Enzersdorf"]
[Date "2017.11.18"]
[Round "3"]
[Board "2"]
[White "Horvath, Dominik"]
[Black "Nisipeanu, Liviu-Dieter"]
[Result "1/2-1/2"]
[WhiteElo "2383"]
[BlackElo "2681"]
[PlyCount "71"]
[EventDate "2017.11.16"]
[EventType "team"]
[EventRounds "11"]
[EventCountry "AUT"]
[WhiteTeam "ASVOE Pamhagen"]
[BlackTeam "Schachklub Sparkasse Jenbach"]

1.Nf3 g6 2.e4 Bg7 3.d4 d6 4.Be2 Nf6 5.Nc3 O-O 6.O-O c5 7.d5 Bg4 8.Re1 Na6 9.Bf4 Nc7
10.a4 Nd7 11.Nd2 Bxe2 12.Qxe2 f5 13.g3 h6 14.h4 Nf6 15.exf5 Qd7 16.fxg6 Qf5 17.Qc4
Ncxd5 18.Rxe7 Kh8 19.Rxb7 Nxf4 20.Qxf4 Qxg6 21.Nde4 Ng4 22.Qxd6 Qxd6 23.Nxd6 Rxf2
24.Nce4 Rxc2 25.Nf5 Bf8 26.Rf1 Rd8 27.Nfd6 Bg7 28.Nf7+ Kg8 29.Nxd8 Bd4+ 30.Nf2 Bxf2+
31.Rxf2 Nxf2 32.Nc6 Nd3 33.b3 Ne1 34.Rxa7 Nf3+ 35.Kf1 Rd2 36.a5  1/2-1/2

[Event "1. Bundesliga 2017/2018"]
[Site "Maria Enzersdorf"]
[Date "2017.11.18"]
[Round "3"]
[Board "3"]
[White "Volokitin, Andrei"]
[Black "Vitouch, Anatol"]
[Result "1-0"]
[WhiteElo "2632"]
[BlackElo "2318"]
[PlyCount "77"]
[EventDate "2017.11.16"]
[EventType "team"]
[EventRounds "11"]
[EventCountry "AUT"]
[WhiteTeam "Schachklub Sparkasse Jenbach"]
[BlackTeam "ASVOE Pamhagen"]

1.e4 e6 2.d4 d5 3.Nc3 Bb4 4.e5 Ne7 5.a3 Bxc3+ 6.bxc3 b6 7.Qg4 Ng6 8.h4 h5 9.Qd1 Qd7
10.a4 Ba6 11.Bxa6 Nxa6 12.Bg5 Ne7 13.Ne2 c5 14.Nf4 g6 15.Bf6 Rg8 16.Qe2 Nb8 17.a5
Qc6 18.axb6 axb6 19.O-O c4 20.Nh3 Nf5 21.Ng5 Nd7 22.g3 Nxf6 23.exf6 Nh6 24.Nxe6 Kd7
25.Rxa8 Qxa8 26.Ng5 Re8 27.Qf3 Qc6 28.Ra1 Kc8 29.Ra7 Kb8 30.Re7 Ng4 31.Nxf7 Nxf6 32.Ne5
Qd6 33.Rg7 Rg8 34.Nxc4 Qe6 35.Qf4+ Ka8 36.Qe5 Qc6 37.Rc7 Qb5 38.Qxf6 dxc4 39.Qf3+  1-0

[Event "1. Bundesliga 2017/2018"]
[Site "Maria Enzersdorf"]
[Date "2017.11.18"]
[Round "3"]
[Board "4"]
[White "Kuthan, Andreas"]
[Black "Bluebaum, Matthias"]
[Result "0-1"]
[WhiteElo "2194"]
[BlackElo "2616"]
[PlyCount "68"]
[EventDate "2017.11.16"]
[EventType "team"]
[EventRounds "11"]
[EventCountry "AUT"]
[WhiteTeam "ASVOE Pamhagen"]
[BlackTeam "Schachklub Sparkasse Jenbach"]

1.e4 e6 2.d4 d5 3.Nd2 Be7 4.Ngf3 Nf6 5.e5 Nfd7 6.Bd3 c5 7.c3 Nc6 8.O-O a5 9.a4 cxd4
10.cxd4 Nb4 11.Bb5 O-O 12.Re1 Nb8 13.Nf1 Bd7 14.Be2 N8a6 15.Ne3 Rc8 16.g3 Nc7 17.h4
b5 18.b3 bxa4 19.bxa4 Na8 20.Ng5 Nb6 21.Bb5 Qc7 22.Qh5 Bxg5 23.hxg5 Bxb5 24.axb5 Qc3
25.Ba3 Qxd4 26.Bxb4 axb4 27.Rad1 Qc3 28.Kg2 Nc4 29.Ng4 Qc2 30.Rd4 Qg6 31.Qh4 b3 32.Rh1
b2 33.Nf6+ gxf6 34.gxf6 Nxe5  0-1

[Event "1. Bundesliga 2017/2018"]
[Site "Maria Enzersdorf"]
[Date "2017.11.18"]
[Round "3"]
[Board "5"]
[White "Wagner, Dennis"]
[Black "Horvath, Maria"]
[Result "1-0"]
[WhiteElo "2550"]
[BlackElo "1980"]
[PlyCount "107"]
[EventDate "2017.11.16"]
[EventType "team"]
[EventRounds "11"]
[EventCountry "AUT"]
[WhiteTeam "Schachklub Sparkasse Jenbach"]
[BlackTeam "ASVOE Pamhagen"]

1.Nf3 d5 2.e3 e6 3.c4 c6 4.b3 Nf6 5.Bb2 Bd6 6.d4 Ne4 7.Bd3 f5 8.O-O O-O 9.Ba3 Bxa3
10.Nxa3 Nd7 11.b4 Qe7 12.Qb3 a6 13.Nc2 b5 14.cxb5 axb5 15.a4 Ba6 16.a5 Nd6 17.Qc3
Nc4 18.Rad1 Qd6 19.Na1 Rae8 20.Nb3 Re7 21.Be2 Bc8 22.Nc1 e5 23.dxe5 Ndxe5 24.Nxe5
Qxe5 25.Qxe5 Nxe5 26.g3 Nc4 27.Bf3 Be6 28.Nb3 g5 29.Rfe1 Bd7 30.Nc5 Be8 31.Ra1 Bg6
32.Bg2 Rfe8 33.Rec1 f4 34.exf4 gxf4 35.a6 fxg3 36.hxg3 Kf7 37.Bh3 Ra8 38.Re1 Ne5 39.Ra3
Kf6 40.Rae3 Be4 41.Bg2 Bf5 42.f4 Ng6 43.Rxe7 Nxe7 44.Bf3 Bc8 45.Kf2 Bxa6 46.Re6+ Kf7
47.Bh5+ Ng6 48.f5 Bc8 49.fxg6+ hxg6 50.Bxg6+ Kg7 51.Rxc6 Bg4 52.Bd3 Ra2+ 53.Ke3 Rb2
54.Rg6+  1-0

[Event "1. Bundesliga 2017/2018"]
[Site "Maria Enzersdorf"]
[Date "2017.11.18"]
[Round "3"]
[Board "6"]
[White "Rusek, Walter"]
[Black "Shengelia, David"]
[Result "0-1"]
[WhiteElo "1897"]
[BlackElo "2505"]
[PlyCount "55"]
[EventDate "2017.11.16"]
[EventType "team"]
[EventRounds "11"]
[EventCountry "AUT"]
[WhiteTeam "ASVOE Pamhagen"]
[BlackTeam "Schachklub Sparkasse Jenbach"]

1.d4 Nf6 2.Nf3 b5 3.Bf4 Bb7 4.e3 a6 5.h3 e6 6.c3 d5 7.Nbd2 Nbd7 8.b4 Ne4 9.Qc2 Bd6
10.Bd3 f5 11.Nb3 g5 12.Na5 Rb8 13.Nxb7 Rxb7 14.Bh2 Bxh2 15.Nxh2 a5 16.Nf3 a4 17.h4
g4 18.Nd2 c6 19.g3 Qf6 20.a3 h5 21.Rd1 Nf8 22.Qc1 Ng6 23.Qc2 Re7 24.Qb2 O-O 25.Bxe4
fxe4 26.Nb1 Ref7 27.Rd2 Qf3 28.Qc2  0-1

[Event "1. Bundesliga 2017/2018"]
[Site "Maria Enzersdorf"]
[Date "2017.11.18"]
[Round "3"]
[Board "1"]
[White "Bosiocic, Marin"]
[Black "Ragger, Markus"]
[Result "1/2-1/2"]
[WhiteElo "2605"]
[BlackElo "2673"]
[PlyCount "66"]
[EventDate "2017.11.16"]
[EventType "team"]
[EventRounds "11"]
[EventCountry "AUT"]
[WhiteTeam "SV Pillenkoenig St. Veit"]
[BlackTeam "SC MPOE Maria Saal"]

1.d4 Nf6 2.Nf3 g6 3.c4 Bg7 4.Nc3 d5 5.Qb3 dxc4 6.Qxc4 O-O 7.e4 Be6 8.Qd3 c5 9.d5 Bg4
10.Be3 Nbd7 11.Be2 e6 12.d6 Rc8 13.Qd2 Ne8 14.Bh6 Bxf3 15.Bxg7 Kxg7 16.Bxf3 Ne5 17.O-O-O
Nc4 18.Qe2 Ncxd6 19.h4 Qe7 20.h5 f6 21.hxg6 hxg6 22.e5 Nf7 23.Rh3 Rh8 24.exf6+ Nxf6
25.Rg3 Rcd8 26.Rxd8 Rxd8 27.Qc2 Ne5 28.Be2 Qf7 29.Rg5 Nfd7 30.Qe4 Qf6 31.Qe3 Nf7 32.Rg4
Nde5 33.Ra4 a6  1/2-1/2

[Event "1. Bundesliga 2017/2018"]
[Site "Maria Enzersdorf"]
[Date "2017.11.18"]
[Round "3"]
[Board "2"]
[White "Predojevic, Borki"]
[Black "Brkic, Ante"]
[Result "1/2-1/2"]
[WhiteElo "2640"]
[BlackElo "2596"]
[PlyCount "60"]
[EventDate "2017.11.16"]
[EventType "team"]
[EventRounds "11"]
[EventCountry "AUT"]
[WhiteTeam "SC MPOE Maria Saal"]
[BlackTeam "SV Pillenkoenig St. Veit"]

1.e4 c5 2.Nf3 d6 3.d4 cxd4 4.Nxd4 Nf6 5.Nc3 a6 6.g3 e5 7.Nde2 Be7 8.Bg2 b5 9.Nd5 Nbd7
10.Nec3 Nb6 11.Nxe7 Qxe7 12.Bg5 Be6 13.Bxf6 gxf6 14.O-O Rc8 15.a4 Nxa4 16.Nxa4 bxa4
17.Rxa4 Rc6 18.Qd3 O-O 19.b3 Qc7 20.Rxa6 Rxc2 21.Rxd6 Rb8 22.Qd1 Rc6 23.Rxc6 Qxc6
24.Qh5 Kg7 25.Rb1 Qc2 26.Qd1 Qxd1+ 27.Rxd1 Rxb3 28.Re1 Rb2 29.Bf3 Ba2 30.h4 Rb1  1/2-1/2

[Event "1. Bundesliga 2017/2018"]
[Site "Maria Enzersdorf"]
[Date "2017.11.18"]
[Round "3"]
[Board "3"]
[White "Kuljasevic, Davorin"]
[Black "Naumann, Alexander"]
[Result "1/2-1/2"]
[WhiteElo "2538"]
[BlackElo "2551"]
[PlyCount "46"]
[EventDate "2017.11.16"]
[EventType "team"]
[EventRounds "11"]
[EventCountry "AUT"]
[WhiteTeam "SV Pillenkoenig St. Veit"]
[BlackTeam "SC MPOE Maria Saal"]

1.d4 Nf6 2.c4 e6 3.Nc3 Bb4 4.e3 O-O 5.Bd3 d5 6.cxd5 exd5 7.Nge2 Re8 8.Bd2 b6 9.Rc1
a5 10.O-O Ba6 11.Bxa6 Nxa6 12.Nf4 Bd6 13.Qf3 c6 14.a3 Qd7 15.h3 Nc7 16.Rfd1 Ne6 17.Nh5
Nxh5 18.Qxh5 g6 19.Qh4 Be7 20.Qg3 Bd6 21.Qh4 Be7 22.Qg3 Bd6 23.Qh4 Be7  1/2-1/2

[Event "1. Bundesliga 2017/2018"]
[Site "Maria Enzersdorf"]
[Date "2017.11.18"]
[Round "3"]
[Board "4"]
[White "Buhmann, Rainer"]
[Black "Rogic, Davor"]
[Result "1-0"]
[WhiteElo "2589"]
[BlackElo "2515"]
[PlyCount "121"]
[EventDate "2017.11.16"]
[EventType "team"]
[EventRounds "11"]
[EventCountry "AUT"]
[WhiteTeam "SC MPOE Maria Saal"]
[BlackTeam "SV Pillenkoenig St. Veit"]

1.d4 d5 2.c4 c6 3.Nf3 Nf6 4.e3 e6 5.Bd3 Nbd7 6.O-O Bd6 7.Nc3 b6 8.e4 dxe4 9.Nxe4 Nxe4
10.Bxe4 Bb7 11.Re1 O-O 12.Bc2 Re8 13.Ng5 Nf6 14.Qd3 g6 15.Qf3 Bf8 16.Bf4 Bg7 17.Be5
Qe7 18.c5 Nd7 19.Bxg7 Qxg5 20.Be5 Nxe5 21.dxe5 Red8 22.Be4 bxc5 23.Qc3 Rd2 24.Re3
Rd4 25.Qxc5 Qd8 26.Bf3 Qb6 27.Rc1 Rad8 28.h3 Rb4 29.b3 Rd2 30.Qxb6 axb6 31.a3 Rbd4
32.b4 b5 33.Rcc3 Ra2 34.Red3 Rd2 35.Rxd4 Rxd4 36.Kf1 Rd2 37.Ke1 Rd8 38.Ke2 Kf8 39.Rd3
Ke7 40.Ke3 Ra8 41.h4 h6 42.g3 Rc8 43.Be4 Rc7 44.Rc3 Rd7 45.Rc1 Rd8 46.Rc3 f5 47.exf6+
Kxf6 48.f4 Rd1 49.Rd3 Re1+ 50.Kf3 g5 51.fxg5+ hxg5 52.hxg5+ Kxg5 53.Rd7 Ba6 54.Ra7
Bc8 55.Rc7 Ra1 56.Rxc8 Rxa3+ 57.Kf2 Rb3 58.Rxc6 Kg4 59.Bc2 Rf3+ 60.Ke2 Rxg3 61.Rxe6  1-0

[Event "1. Bundesliga 2017/2018"]
[Site "Maria Enzersdorf"]
[Date "2017.11.18"]
[Round "3"]
[Board "5"]
[White "Koop, Thorben"]
[Black "Halvax, Georg"]
[Result "0-1"]
[WhiteElo "2350"]
[BlackElo "2434"]
[PlyCount "80"]
[EventDate "2017.11.16"]
[EventType "team"]
[EventRounds "11"]
[EventCountry "AUT"]
[WhiteTeam "SV Pillenkoenig St. Veit"]
[BlackTeam "SC MPOE Maria Saal"]

1.Nf3 Nf6 2.g3 b6 3.Bg2 Bb7 4.O-O g6 5.c4 Bg7 6.b3 O-O 7.Bb2 c5 8.d4 cxd4 9.Qxd4 d6
10.Nc3 Nbd7 11.Rfd1 Rc8 12.Qd2 Qc7 13.Rac1 Qc5 14.Bh3 Qh5 15.Bg2 Bh6 16.Qe1 Bxc1 17.Rxc1
Ne5 18.Nxe5 Bxg2 19.Nf3 Bxf3 20.exf3 Qxf3 21.Nb5 a6 22.Rc3 Qh5 23.Nd4 e5 24.Nc2 Ng4
25.h4 Qf5 26.f3 Nf6 27.Ne3 Qe6 28.Rd3 Rfd8 29.g4 b5 30.Qa5 d5 31.g5 e4 32.Bxf6 exd3
33.Ng4 Rd6 34.Qb4 a5 35.Qc3 b4 36.Qa1 dxc4 37.Be5 c3 38.Nf6+ Qxf6 39.gxf6 d2 40.Bxd6
c2  0-1

[Event "1. Bundesliga 2017/2018"]
[Site "Maria Enzersdorf"]
[Date "2017.11.18"]
[Round "3"]
[Board "6"]
[White "Kreisl, Robert"]
[Black "Ceschia, Ivano"]
[Result "1-0"]
[WhiteElo "2406"]
[BlackElo "2300"]
[PlyCount "64"]
[EventDate "2017.11.16"]
[EventType "team"]
[EventRounds "11"]
[EventCountry "AUT"]
[WhiteTeam "SC MPOE Maria Saal"]
[BlackTeam "SV Pillenkoenig St. Veit"]

1.c4 c5 2.Nf3 Nc6 3.Nc3 g6 4.e3 Bg7 5.d4 cxd4 6.exd4 d6 7.d5 Ne5 8.Nxe5 dxe5 9.c5
Nh6 10.Bb5+ Kf8 11.O-O Nf5 12.a3 Nd4 13.Bd3 e6 14.d6 b6 15.b4 bxc5 16.bxc5 Qa5 17.Ne4
Bb7 18.Bd2 Qd8 19.Rb1 Bc6 20.Qe1 h6 21.f4 exf4 22.Bxf4 f5 23.Nc3 Kf7 24.Be5 Qg5 25.Ne4
Qh5 26.Ng3 Qg5 27.h4 Qxh4 28.Rf4 Qxg3 29.Qxg3 Bxe5 30.Qe3 Bxf4 31.Qxf4 Be4 32.Qe5
Nc6  1-0